00501 2200181 4500001002100000005001700021008004100038035002500079082001100104090001800115245003500133260004300168300002800211650002600239850002100265990001500286990001800301YOGYA-0209000004270320150518174944.0 ind  a0010-020900000042703 a910.91 aR 910.91bPar aPARIWISATA Nusantara Indonesia aJakartabDepartemen Pariwisatac[1993] av, 158 hlmbilusc21 cm aPariwisata, Indonesia aYOPDYOG [TRM 29] a20923-a/94 a25336-PD/A.07